ბათუმის შოთა რუსთაველის სახელმწიფო უნივერსიტეტის ბიბლიოთეკა

აგრობიოლოგიური მეცნიერებისა და ტექნოლოგიების კომერციალიზაცია : (ბიბ.ჩანაწერი № 62407)

000 -ლიდერი
ფიქსირებული სიგრძის საკონტროლო ველი 01552nam a22002297a 4500
003 - საკონტროლო ნომრის იდენტიფიკატორი
საკონტროლო ველი Ge_BSU
005 - ბოლო ოპერაციის თარიღი და დრო
საკონტროლო ველი 20241023120526.0
008 - ფიქსირებული სიგრძის მონაცემთა ელემენტები - ზოგადი ინფორმაცია
ფიქსირებული სიგრძის საკონტროლო ველი 241023s2024 ge ||||| |||| 00| 0 geo d
020 ## - წიგნის საერთაშორისო სტანდარტული ნომერი
International Standard Book Number 9789941867910
041 ## - ენის კოდი
Language code of text/sound track or separate title geo
080 ## - უნივერსალური ათობითი კლასიფიკაციის ინდექსი
Universal Decimal Classification number 63:57(479.22) დ-45
100 ## - მთავარი ჩანაწერი - პიროვნების სახელი
Personal name დიდებულიძე, ალექსანდრე
9 (RLIN) 23498
245 ## - ცნობა სათაურის შესახებ
Title აგრობიოლოგიური მეცნიერებისა და ტექნოლოგიების კომერციალიზაცია :
Remainder of title საქართველოს პერსპექტივები : [მონოგრაფია] /
Statement of responsibility, etc ალექსანდრე დიდებულებიძე, თინათინ სადუნიშვილი ; რედაქტორი გიორგი კვესიტაძე ; საქართველოს მეცნიერებათა ეროვნული აკადემია.
264 ## - წარმოების, გამოცემის, დისტრიბუციის და სხვა ცნობები
გამოცემის, წარმოების, დისტრიბუციის... ადგილი თბილისი,
გამოცემის, წარმოების, დისტრიბუციის... თარიღი 2024.
300 ## - ფიზიკური აღწერა
Extent 302 გვ. :
Other physical details ნახ., ცხრ. ;
Dimensions 25 სმ
653 ## - INDEX TERM--UNCONTROLLED
Uncontrolled term აგრობიოლოგია
700 ## - ADDED ENTRY--PERSONAL NAME
Personal name სადუნიშვილი, თინათინ
Relator term ავტორი
9 (RLIN) 23499
700 ## - ADDED ENTRY--PERSONAL NAME
Personal name კვესიტაძე, გიორგი
Relator term რედაქტორი
9 (RLIN) 23500
710 ## - ADDED ENTRY--CORPORATE NAME
Corporate name or jurisdiction name as entry element საქართველოს მეცნიერებათა ეროვნული აკადემია.
9 (RLIN) 23501
773 ## - HOST ITEM ENTRY
Title ნაჩუქარი
942 ## - ADDED ENTRY ELEMENTS (KOHA)
Source of classification or shelving scheme
Koha item type წიგნი
ეგზემპლარები
ჩამოწერის სტატუსი დაკარგული ეგზემპლარის სტატუსი კლასიფიკაციის წყარო ან თაროზე გაწყობის სქემა მითითებული მასალები (აკინძული ტომები ან სხვა ნაწილი) დაზიანების სტატუსი არ გაიცემა მუდმივი მდებარეობა (დაცვის ადგილი) ამჟამინდელი ადგილსამყოფელი თაროზე განთავსების ადგილი შეძენის თარიღი ღირებულება, შესყიდვის ნორმალური ფასი სრული შენახვის შიფრი შტრიხკოდი ბოლო ოპერაციის თარიღი ეგზემპლარის მიმდევრობითი ნომერი (კეტერი?) ფასის ძალაში შესვლის თარიღი ეგზემპლარის სახეობა საჯარო შენიშვნა
      ნაჩუქარი     ბათუმის შოთა რუსთაველის სახელმწიფო უნივერსიტეტის მთავარი ბიბლიოთეკა ბათუმის შოთა რუსთაველის სახელმწიფო უნივერსიტეტის მთავარი ბიბლიოთეკა წიგნსაცავი 2024-10-23 10.00 63:57(479.22) დ-45 66142 2024-10-23 66142 2024-10-23 წიგნი 10 ლ.